000 00401nam a22001217a 4500
008 160201b xxu||||| |||| 00| 0 eng d
020 _a9966530240
100 _aMwimali Jackson Busalile
245 _aInsuarance Law and Practice in Kenya
_cJackson Busalile Mwimali
260 _aNairobi Kenya
_blawAfrica
_c2015
300 _axvi, 273.p
942 _2lcc
_cBK
_hInsuarance Law - Kenya
_kKTA 931
_m.M95 2015 c.1
999 _c15586
_d15586